Plnenie volebných sľubov - ZRS 1

Bibliographic Details
Main Author: Lacko, Marián (Author)
Format: Article
Language:Slovak
PhysicalDescription:Fotogr.
Subjects:

MARC

LEADER 00000nab a2200000 a 4500
001 vtls000658503
003 SK-MaSNL
005 20260302183513.0
008 180206c1998 xo 0 slo
015 |a SNBRB1998/05-12134 
035 |a CLN000010695 
040 |a SNKBUCL  |b slo  |c SNKBUCL  |e AACR2 
041 0 |a slo 
044 |a xo  |c SK 
080 |a 329.14(437.6)ZRS  |2 UDC-MRF-SK2 
100 1 |a Lacko, Marián  |4 aut  |9 371881 
245 1 0 |a Plnenie volebných sľubov - ZRS  |n 1  |c Marián Lacko 
300 |b Fotogr. 
610 7 |a Združenie robotníkov Slovenska  |x programy volebné  |y 1998  |2 snkbucl  |9 897230 
655 7 |a články z novín a časopisov  |2 snkbucl  |9 267496 
773 0 |t Pravda  |g Roč. 8, č. 116 (22.5.1998), s. 19 
850 |a Slovenská národná knižnica v Martine 
852 |a SNK  |b KIS3GCP 
958 |a RBX 
999 |c 1421968  |d 1423898